| 000 | 00874cab a22002055a 4500 | ||
|---|---|---|---|
| 001 | L154124 | ||
| 008 | 111018e20111015xxk 000 0 eng d | ||
| 035 | _a(Sirsi) u154124 | ||
| 041 | 0 | _aeng | |
| 100 | 1 | _aJoyce, Jacqui | |
| 245 | 0 | 0 |
_aEssential reading _bdilapidations protocol |
| 260 | _c2011 | ||
| 490 |
_aEstates Gazette _v(1141) 15 October 2011, 108-110(3) |
||
| 520 | _aExamines changes to the Dilapidations Protocol which were made to allow its adoption by the Civil Procedure Rules Committee as a formal pre-action protocol from 1 January 2012 onwards. RICS will be issuing a revised version of its Guidance Note for Dilapidations in England and Wales to take account of the changes. | ||
| 590 | _aKA | ||
| 651 | 4 |
_aEngland and Wales _y1543- |
|
| 690 | _aPROPERTY-LEASEHOLD PROPERTY-LANDLORD AND TENANT-DILAPIDATIONS | ||
| 700 | 1 | _aRowling, Jon | |
| 942 | _n0 | ||
| 999 |
_c83499 _d83499 |
||